Que vendent ces restaurants? - Statistiques

Statistiques générales
  • Ce quiz a été pris 703 fois
  • Le résultat moyen est 9 sur 15
Statistiques - réponses
Nom de l'établissement Type de restaurant % Correct
Chez Mario Pizzeria
98%
Istanbul Kebab
95%
El Guacamole Mexicain
73%
Hokkaido Japonais
68%
Le Café de Paris Française
67%
Suzette en Breizh Crêperie
65%
Au Couscous Royal Marocain
65%
Délices de Beyrouth Libanais
64%
Jaipur Palace Indien
61%
Le potager urbain Végétarien
50%
Le Saïgon Vietnamien
47%
Beefdream Steakhouse
41%
La Bodega Bar à Tapas
36%
Bibim BBQ Coréen
24%
Abyssinia Éthiopien
21%
Aucun quiz correspondant
Distribution des résultats
% des personnes avec chaque résultat
Percentile par nombre de réponses
Votre historique - résultats
Vous n’avez pas pris ce quiz